Contabilidade pública na gestão municipal : (Record no. 737)

MARC details
000 -LÍDER
Campo Fixo de Controle 00940nam a2200253 a 4500
001 - NÚMERO DE CONTROLE
Campo de Controle 737
003 - IDENTIFICAÇÃO DO NÚMERO DE CONTROLE
Campo de Controle BR-CuiBMT
005 - DATA E HORA DA ÚLTIMA ATUALIZAÇÃO
Campo de Controle 20231121232911.0
008 - DADOS FIXOS
Dados Fixos 231113s2012 spba 001 0 por d
020 ## - INTERNATIONAL STANDARD BOOK NUMBER
Nº do ISBN 9788522468706
040 ## - AGÊNCIA CATALOGADORA
Código da Agência Catalogadora BR-CuiBMT
Agência que transcreveu o registro BR-CuiBMT
080 ## - Nº DA CLASSIFICAÇÃO DECIMAL UNIVERSAL
Nº Class. CDU 657:352:336.14
Nº edição CDU 2007
090 ## - NÚMERO DE CHAMADA
Nº classificação 657:352:336.14
Cutter A553c
Ano/Edição 4. ed.
100 1# - ENTRADA PRINCIPAL -- AUTOR PESSOAL
Nome pessoal Andrade, Nilton de Aquino
245 10 - TÍTULO PRINCIPAL
Título principal Contabilidade pública na gestão municipal :
Subtítulo métodos com base nas Normas Brasileiras de Contabilidade Aplicadas ao Setor Público (NBCASP) e nos padrões internacionais de contabilidade /
Indicação de responsabilidade Nilton de Aquino Andrade.
250 ## - EDIÇÃO
Edição 4. ed.
260 ## - PUBLICAÇÃO, DISTRIBUIÇÃO, ETC.
Local de publicação São Paulo :
Editora Atlas,
Data 2012.
300 ## - DESCRIÇÃO FÍSICA
N. páginas ou volumes xxvi, 415 p. :
Ilustrações il. ;
Dimensões 24 cm
504 ## - NOTA DE BIBLIOGRAFIA, ETC.
Nota de bibliografia Inclui bibliografia e índice.
650 ## - ASSUNTO TÓPICO
Cabeçalho tópico ou nome geográfico Finanças públicas
Subdivisão geral Planejamento
Subdivisão geográfica Brasil
650 ## - ASSUNTO TÓPICO
Cabeçalho tópico ou nome geográfico Finanças públicas
Subdivisão geral Contabilidade
650 ## - ASSUNTO TÓPICO
Cabeçalho tópico ou nome geográfico Administração municipal
Subdivisão geográfica Brasil
942 ## - ELEMENTOS DE ENTRADA ADICIONAIS (KOHA)
Fonte de classificação ou esquema de arquivamento Classificação Decimal Universal
Tipo de item do Koha Livros
Holdings
Estado: removido Estado: perdido Fonte de classificação ou esquema de arquivamento Estado: danificado Indisponível para empréstimo Localização permanente Localização atual Data de aquisição Total Checkouts Número de Chamada completo Código de barras Date last seen Número do exemplar Preço efetivo a partir de Tipo de item (Koha)
    Classificação Decimal Universal     Biblioteca da Escola Superior de Contas do TCE/MT Biblioteca da Escola Superior de Contas do TCE/MT 02/04/2013   657:352:336.14 A553c 4. ed. BIBTCEMT23110597 16/11/2023 Ex. 1 16/11/2023 Livros

Powered by Koha